000 00680nam a22001817a 4500
999 _c63332
_d63332
005 20250918154334.0
008 250918s2004 gw ||||| |||| 00| 0 goh d
020 _a9783423033503
041 _agoh
080 _a821.112.09 R-37
100 _aRiegel, Paul
_925835
245 _aDeutsche Literaturgeschichte :
_bBand 10: Drittes Reich und Exil 1933 - 1945 /
_c Paul Riegel, Wolfgang van Rinsum.
264 _aMünchen:
_bDeutscher Taschenbuch Verlag
_c2000.
300 _a302 p.;
_b20 cm.
653 _aგერმანული ლიტერატურის ისტორია
700 _aRinsum, Wolfgang
_eავტორი
_925833
942 _2udc
_cᲬᲘᲒᲜᲘ